Język angielski - nagła śmierć - Statystyki

Ogólne statystyki
  • Ten quiz został rozwiązany 165 razy
  • Średni wynik to 18 z 20
Answers on the Grid
Answers color-coded by a green-red scale on the quiz's grid according to % correct below.
Apple
Be
Boek
Cat
Country
Dog
England
Glass
Great
House
Human
I
It
King
Komputer
Könyvtár
Kret
Leben
Leven
Lie
Like
Merci
Metr
Musik
Phone
Shop
Somebody
Streit
Talk
Walka
You
Zitrone
 
Statystyki odpowiedzi
Odpowiedź % Poprawnych
Apple
99%
Cat
98%
Dog
97%
Country
96%
England
96%
House
96%
I
96%
Glass
95%
Great
95%
It
95%
King
95%
Human
94%
Be
93%
Like
91%
You
86%
Shop
85%
Somebody
85%
Talk
84%
Lie
83%
Phone
83%
Nie znaleziono quizów pasujących do podanych kryteriów
Rozkład punktacji
Procent ludzi z każdym wynikiem
Percentyl według liczby udzielonych odpowiedzi
Twoja historia wyników
Nie rozwiązałeś tego quizu